Environmental nanotechnology : (Record no. 14951)

MARC details
000 -LEADER
fixed length control field 00967cam a22002897i 4500
001 - CONTROL NUMBER
control field TB12437
003 - CONTROL NUMBER IDENTIFIER
control field IN-BhIIT
005 - DATE AND TIME OF LATEST TRANSACTION
control field 20250415173529.0
008 - FIXED-LENGTH DATA ELEMENTS--GENERAL INFORMATION
fixed length control field 160815t20172017nyua b 001 0 eng d
020 ## - INTERNATIONAL STANDARD BOOK NUMBER
ISBN 9780071828444 (hbk.)
040 ## - CATALOGING SOURCE
Original cataloging agency IN-BhIIT
041 ## - LANGUAGE CODE
Language code of text eng
082 04 - DEWEY DECIMAL CLASSIFICATION NUMBER
Classification number 620.5
Book number WIE/E
245 00 - TITLE STATEMENT
Title Environmental nanotechnology :
Sub Title applications and impacts of nanomaterials /
Statement of responsibility, etc edited by Mark R. Wiesner and Jean-Yves Bottero.
250 ## - EDITION STATEMENT
Edition statement 2nd ed.
260 ## - PUBLICATION, DISTRIBUTION, ETC. (IMPRINT)
Place of publication New York :
Name of publisher McGraw Hill,
Year of publication 2017.
300 ## - PHYSICAL DESCRIPTION
Number of Pages xvi, 395 p. :
Other physical details(ill.) ill. ;
Dimensions(size) 29 cm
500 ## - GENERAL NOTE
General note Previous edition: 2007.
504 ## - BIBLIOGRAPHY, ETC. NOTE
Bibliography, etc Includes bibliographical references and index.
650 #0 - SUBJECT ADDED ENTRY--TOPICAL TERM
Topical Term Nanotechnology
General subdivision Environmental aspects.
Topical Term Nanoparticles
General subdivision Environmental aspects.
Topical Term Nanotechnology.
Topical Term Nanotechnology.
700 1# - ADDED ENTRY--PERSONAL NAME
Personal name Wiesner, Mark R.,
Relator term editor.
Personal name Bottero, Jean-Yves,
Relator term Joint editor.
942 ## - ADDED ENTRY ELEMENTS (KOHA)
Koha item type Text Book
Koha issues (borrowed), all copies 1
Holdings
Withdrawn status Lost status Damaged status Not for loan Collection code Home library Current library Date acquired Full call number Accession Number Price effective from Koha item type
Not withdrawn Not Lost not damaged   SIF Central Library, IIT Bhubaneswar Central Library, IIT Bhubaneswar 05/03/2025 620.5 WIE/E TB12437 05/03/2025 Course Reserve
Not withdrawn Not Lost not damaged     Central Library, IIT Bhubaneswar Central Library, IIT Bhubaneswar 05/03/2025   TB12438 05/03/2025 Text Book
Not withdrawn Not Lost not damaged     Central Library, IIT Bhubaneswar Central Library, IIT Bhubaneswar 05/03/2025   TB12439 05/03/2025 Text Book
Not withdrawn Not Lost not damaged     Central Library, IIT Bhubaneswar Central Library, IIT Bhubaneswar 05/03/2025   TB12440 05/03/2025 Text Book
Not withdrawn Not Lost not damaged     Central Library, IIT Bhubaneswar Central Library, IIT Bhubaneswar 05/03/2025   TB12441 05/03/2025 Text Book

Central Library, Indian Institute of Technology Bhubaneswar, 4th Floor, Administrative Building, Argul, Khordha, PIN-752050, Odisha, India
Phone: +91-674-7138750 | Email: circulation.library@iitbbs.ac.in (For circulation related queries),
Email: info.library@iitbbs.ac.in (For other queries)